000 00265nam a2200121Ia 4500
008 230303s9999 xx 000 0 und d
041 _aeng
082 _a005.133 PAR
100 _aPARKER (TIM)
245 _aLinux
260 _aNew Delhi
_bTECHMEDIA
365 _cRS
999 _c178390
_d178390